Определение периодических режимов в двумерных релейно-импульсных системах; Известия Томского политехнического института [Известия ТПИ]; Т. 294 : Автоматика и вычислительная техника

Podrobná bibliografie
Parent link:Известия Томского политехнического института [Известия ТПИ]/ Томский политехнический институт (ТПИ).— , 1944-1976
Т. 294 : Автоматика и вычислительная техника.— 1976.— [С. 37-39]
Hlavní autor: Чудинов В. Н. Владимир Николаевич
Shrnutí:Заглавие с титульного листа
Электронная версия печатной публикации
Рассмотрена возможность распространения метода гармонического баланса на двумерные релейно-импульсные системы на примере определения периодических режимов в контуре управления системы централизованного контроля и регулирования двумерными объектами. С целью упрощения анализа исходная двумерная система представлена в виде двух элементарные подсистем. Показано, что учет взаимовлияния каналов равносилен добавлению некоторой векторной величины к критической области существования периодических режимов, соответствующей случаю автономной работы каналов.
Jazyk:ruština
Vydáno: 1976
Témata:
On-line přístup:Черно-белая версия для предварительного просмотра
Цветная версия без потери качества
Médium: MixedMaterials Elektronický zdroj Kapitola
KOHA link:https://koha.lib.tpu.ru/cgi-bin/koha/opac-detail.pl?biblionumber=240061

MARC

LEADER 00000nla2a2200000 4500
001 240061
005 20231031205556.0
035 |a (RuTPU)RU\TPU\book\261309 
035 |a RU\TPU\book\261308 
090 |a 240061 
100 |a 20130618d1976 k y0rusy50 ca 
101 0 |a rus 
102 |a RU 
135 |a drnn ---uucaa 
181 0 |a i  
182 0 |a b 
200 1 |a Определение периодических режимов в двумерных релейно-импульсных системах  |b Электронный ресурс  |f В. Н. Чудинов 
203 |a Текст  |c электронный 
215 |a 2 файла (141 Кб, 4.2 Мб) 
230 |a Электронные текстовые данные (2 файла : 141 Кб, 4.2 Мб) 
300 |a Заглавие с титульного листа 
300 |a Электронная версия печатной публикации 
320 |a [Библиогр.: с. 39 (3 назв.)] 
330 |a Рассмотрена возможность распространения метода гармонического баланса на двумерные релейно-импульсные системы на примере определения периодических режимов в контуре управления системы централизованного контроля и регулирования двумерными объектами. С целью упрощения анализа исходная двумерная система представлена в виде двух элементарные подсистем. Показано, что учет взаимовлияния каналов равносилен добавлению некоторой векторной величины к критической области существования периодических режимов, соответствующей случаю автономной работы каналов. 
337 |a Adobe Reader 
461 1 |0 (RuTPU)RU\TPU\book\200995  |t Известия Томского политехнического института [Известия ТПИ]  |f Томский политехнический институт (ТПИ)  |d 1944-1976 
463 1 |0 (RuTPU)RU\TPU\book\261297  |t Т. 294 : Автоматика и вычислительная техника  |v [С. 37-39]  |d 1976  |p 156 с. 
610 1 |a электронный ресурс 
610 1 |a труды учёных ТПУ 
675 |a 62-50  |v 3 
700 1 |a Чудинов  |b В. Н.  |c российский ученый в области автоматизированных систем управления  |c доцент Томского политехнического университета  |f 1941-  |g Владимир Николаевич  |2 stltpush  |3 (RuTPU)RU\TPU\pers\18594 
801 1 |a RU  |b 63413507  |c 20090320  |g PSBO 
801 2 |a RU  |b 63413507  |c 20130627  |g PSBO 
856 4 |u http://www.lib.tpu.ru/fulltext/v/Bulletin_TPU/1976/v294/09_bw.pdf  |z Черно-белая версия для предварительного просмотра 
856 4 |u http://www.lib.tpu.ru/fulltext/v/Bulletin_TPU/1976/v294/09_full.pdf  |z Цветная версия без потери качества 
942 |c CF